Vishva katha kosha.S14-Sajjanana savu. (Record no. 85615)
[ view plain ]
| 000 -LEADER | |
|---|---|
| fixed length control field | 00655nam a2200217Ia 4500 |
| 003 - CONTROL NUMBER IDENTIFIER | |
| control field | OSt |
| 005 - DATE AND TIME OF LATEST TRANSACTION | |
| control field | 20250519123613.0 |
| 008 - FIXED-LENGTH DATA ELEMENTS--GENERAL INFORMATION | |
| fixed length control field | 210210b1981 xxu||||| |||| 00| 0 eng d |
| 040 ## - CATALOGING SOURCE | |
| Transcribing agency | AL |
| 041 ## - LANGUAGE CODE | |
| Language code of text/sound track or separate title | Kannada |
| 082 ## - DEWEY DECIMAL CLASSIFICATION NUMBER | |
| Classification number | K894.308 NIRV |
| 100 ## - MAIN ENTRY--PERSONAL NAME | |
| Personal name | NIRANJANA, Ed. |
| Dates associated with a name | ನಿರಂಜನ |
| 9 (RLIN) | 210284 |
| 245 ## - TITLE STATEMENT | |
| Title | Vishva katha kosha.S14-Sajjanana savu. |
| Remainder of title | ವಿಶ್ವ ಕಥಾ ಕೋಶ ಸಂ ೧೪- ಸಜ್ಜನನ ಸಾವು |
| 260 ## - PUBLICATION, DISTRIBUTION, ETC. | |
| Place of publication, distribution, etc. | Bangaluru |
| Name of publisher, distributor, etc. | Navakarnataka Publikeshans |
| Date of publication, distribution, etc. | 1981 |
| 300 ## - PHYSICAL DESCRIPTION | |
| Extent | iv,210 |
| 440 ## - SERIES STATEMENT/ADDED ENTRY--TITLE | |
| Title | 18 |
| 9 (RLIN) | 210285 |
| 650 ## - SUBJECT ADDED ENTRY--TOPICAL TERM | |
| Topical term or geographic name entry element | Kategalu |
| 9 (RLIN) | 210286 |
| 690 ## - LOCAL SUBJECT ADDED ENTRY--TOPICAL TERM (OCLC, RLIN) | |
| Topical term or geographic name as entry element | Kannada Fiction |
| 9 (RLIN) | 210287 |
| 906 ## - LOCAL DATA ELEMENT F, LDF (RLIN) | |
| a | 035184 |
| 942 ## - ADDED ENTRY ELEMENTS (KOHA) | |
| Source of classification or shelving scheme | Dewey Decimal Classification |
| Koha item type | Book |
| Withdrawn status | Lost status | Source of classification or shelving scheme | Damaged status | Not for loan | Collection code | Home library | Current library | Shelving location | Date acquired | Cost, normal purchase price | Total Checkouts | Full call number | Barcode | Date last seen | Price effective from | Koha item type |
|---|---|---|---|---|---|---|---|---|---|---|---|---|---|---|---|---|
| Dewey Decimal Classification | Kannada | St Aloysius Library | St Aloysius Library | 02/17/2021 | 10.00 | K894.308 NIRV | 035184 | 02/17/2021 | 02/17/2021 | Book | ||||||
| Dewey Decimal Classification | Kannada | St Aloysius Library | St Aloysius Library | 02/17/2021 | 10.00 | K894.308 NIRV | 035180 | 02/17/2021 | 02/17/2021 | Book |